000
00397nam a2200145Ia 4500
008
100122s9999 xx 000 0 und d
082
_b
35099
_a
823
100
_a
साळगावकर वि द
245
_a
हंसगान
260
_b
राजीव साळगावकर
_c
1983
300
_a
72
630
_a
हंसगान
730
_a
हंसगान
942
_c
BOOK
999
_c
418482
_d
418479